Movies Quiz

Random Movies or Actress Quiz

People Movies Are Based Upon Quiz Stats

 Plays Quiz Updated Nov 20, 2015

Challenge
Share
Tweet
Embed
Score 0/24 Timer 05:00
1 Play Today
Movie Person Film Is Based Upon % Correct
Walk the LineJohnny Cash
94.3%
The Social NetworkMark Zuckerberg
81.4%
The DoorsJim Morrison
77.7%
The QueenQueen Elizabeth II
77.2%
The Theory of EverythingStephen Hawking
76.2%
NotoriousChristopher Wallace
72.7%
InvictusNelson Mandela
72.7%
BraveheartWilliam Wallace
70.5%
The AviatorHoward Hughes
67.4%
Great Balls of Fire!Jerry Lee Lewis
61.7%
The King's SpeechGeorge VI
59.1%
The Last King of Scotland Idi Amin
55.1%
Movie Person Film Is Based Upon % Correct
The Untouchables Eliot Ness
52%
Man on the MoonAndy Kaufman
50.7%
La Bamba Ritchie Valens
49.1%
Mongol Genghis Khan
48.4%
Raging BullJake LaMotta
45.3%
A Beautiful Mind John Nash
43.5%
The Motorcycle DiariesErnesto Guevara
40.1%
The HurricaneRubin Carter
39.2%
Public EnemiesJohn Dillinger
38.4%
MoneyballBilly Beane
35.7%
Thirteen DaysJohn F. Kennedy
34.8%
Apollo 13Jim Lovell
31.7%

You're not logged in!

Compare scores with friends on all Sporcle quizzes.
OR
Log In

You Might Also Like...

Show Comments

Extras

Top Quizzes Today


Score Distribution

Your Account Isn't Verified!

In order to create a playlist on Sporcle, you need to verify the email address you used during registration. Go to your Sporcle Settings to finish the process.

Report this User

Report this user for behavior that violates our Community Guidelines.

Details: